01009 a2200229 45000010006000000050017000060080041000230030015000640400040000790800052001192450032001710200022002032640034002253000017002595050300002760410008005761000026005847000028006107000021006387000022006598560098006816258720260407155919.0260407a2023 arg spa dAR-UNSa-BCEJYS aAR-UNSa-BCEJYSbspacAR-UNSa-BCEJYS a26(09)(82)xHistoria de la Iglesia en Argentina10aLa verdad los hará libres a978-950-49-7993-7 1aBuenos Aires :bPlanetac2023 a3 v.c24 cm. aVol. I: La Iglesia católica en la espiral de violencia en la Argentina 1966-1983 -- Vol. II: La Conferencia Episcopal Argentina y la Santa Sede frente al terrorismo de Estado 1976-1983. El terror, el drama y las culpas. -- Vol. III: Interpretaciones sobre la Iglesia en la Argentina 1966-1983. aspa1 aGalli, Carlos María1 aDurán, Juan Guillermo1 aLiberti, Luis O.1 aTavelli, Federico41uhttp://www.biblioeco.unsa.edu.ar/pmb/images/libros/L129360.jpgyImagen de portadaqimage/jpeg